1170 1724 1804 1039 1579 1234 1506 1261 1201 1052 1286 1883 1691 1234 1222 1391 1631 1755 1951 1778 1077 1640 1542 1092 1097 1934 1353 1962 1296 1673 1685 1912 1179 1750 1461 1660 1538 1120 1201 1824 1357 1681 1574 1753 1838 1388 1490 1837 1967 1800 1112 1965 1759 1732 1297 1257 1313 1364 1581 1757 1544 1940 1445 1704 1362 1840 1962 1126 1889 1679 1413 1841 1875 1613 1322 1873 1515 1900 1589 1373 1105 1427 1016 1788 1411 1091 1403 1551 1137 1733 1534 1326 1419 1009 1829 1960 1595 1001 1941 BCNSPRNW ULIB Ver.6.0+V

เปลี่ยนเป็นภาษาไทย

Change to English
 แสดงรายละเอียดบรรณานุกรม
  กลับหน้าหลัก

Brief Record : Get Marc (ISO 2709) : E-mail record : QR code < ปิดหน้าต่าง
LEADER : 00000nam 2200000uu 4500
001    13399122451
003     ULIB
008    020711s2551 th a 000 0 tha d
020    9789748485799
050  4 PL4189^bอ981ค
110    ฝ่ายตำราวิชาการ ไอเดียซอฟท์แวร์เทคโนโลยี
245    คำราชาศัพท์ /^cฝ่ายตำราวิชาการ ไอเดียซอฟท์แวร์เทคโนโลยี
260    นครราชสีมา :^bไอเดียซอฟแวร์เทคโนโลยี,^c2551
300    208 หน้า
650    ราชาศัพท์
945    ^p38^l0^i19947
999    ^aกัณชพร
รายการนี้ยังไม่มีแท็ก
คุณยังไม่ได้ล็อกอิน คุณสามารถมีกิจกรรมร่วมกับเว็บไซต์ได้ แต่ต้องล็อกอินก่อน ::
  ล็อกอิน

รายการสื่อสารสนเทศ

ลำดับที่ ประเภท เลขเรียก/บาร์โค้ด สถานที่ สถานะ
1. การศึกษาทั่วไป
การศึกษาทั่วไป
PL4189 อ981ค ฉ.1 
  Barcode: 19947
ห้องสมุดวิทยาเขตสวรรค์ประชารักษ์
►หนังสือทั่วไป
บนชั้น

รายการใกล้เคียง
    หัวเรื่อง [ราชาศัพท์]

BibComment


ยังไม่เคยถูกคอมเมนท์

คอมเมนท์ทรัพยากรรายการนี้
  คอมเมนท์: คำราชาศัพท์ ฝ่าย..


 Copyright 2026. Bcnsprnw @Library